000 00658nam a2200229Ia 4500
003 OSt
005 20220926001100.0
006 a|||||r|||| 00| 0
007 ta
008 220923b |||||||| |||| 00| 0 eng d
037 _cGeneral Book
040 _aRTL
_cRTL
_beng
041 _2eng
_aeng
082 _aSigma.2-1.N7, L7.2
100 _aChib Sukhdev Singh
_943244
245 0 _aThis beautiful India Himachal Pradesh
260 _a New Delhi
_bLight & Life Publishers India
_c1977
300 _aviii,134p.
_ccm.
490 _vVol. 2
942 _hSigma.2-1.N7, L7.2
_cGB
_2CC
999 _c600388
_d600388